000 00500 a2200169 4500
003 Nust
005 20230328113451.0
040 _cNust
082 _a629.4,TAT
100 _aD. Tattersfield
_9111492
245 _aMathematical Problems in astronautics
_ba supplement to a handbook of astronautics /
_cD. Tattersfield
260 _aLondon
_bUniversty press
_c1964
300 _a67p
538 _aAlmirah No.42 Shelf No. 3
650 _aMathematical Problems in astronauies
_9111493
942 _2ddc
_cBK
999 _c183735
_d183735